000 01243cam a2200325 a 4500
999 _c5240
_d5240
001 2530054
003 OSt
005 20220405122218.0
008 930423r19911521sp 000 0 lat
010 _a 93144951
020 _a8472392236
040 _aDLC
_cALUPE UNIVERSITY
041 0 _alatspa
043 _ae-sp---
050 0 0 _aRS65
_b.M38 1991
082 0 0 _a615/.1
_220
100 1 _aMateo, Pedro Benedicto,
_dactive 1497.
245 1 0 _aExamen apothecariorum /
_cPedro Benedicto Mateo.
260 _a[Spain] :
_bFundación de Ciencias de la Salud :
_bSociedad Estatal Quinto Centenario :
_bPatrimonio Nacional,
_c[1991]
300 _a[11] p., 102 leaves ;
_c30 cm.
440 0 _aBiblioteca de clásicos de la farmacia española
500 _aLatin and Spanish.
500 _a"Reproducción facsímil del libro conservado en la Real Botica del Palacio Real de Madrid."
500 _aOriginally published: Barcelona : J. Rosembach, 1521.
504 _aIncludes bibliographical references (p. [11]) and index.
650 0 _aPharmacy
_zSpain
_xHistory.
906 _a7
_bcbc
_corignew
_d3
_encip
_f19
_gy-gencatlg
942 _2lcc
_cBK
_nJO